| 000 | 00000nas 2200000za 4500 |
| 001 | 9.503739 |
| 003 | CaOODSP |
| 005 | 20230906111815 |
| 007 | cr ||||||||||| |
| 008 | 150406c2004||||xxc|| p o||||f| |0fre|d |
| 022 | |a1486-9748 |
| 040 | |aCaOODSP|bfre |
| 043 | |an-cn--- |
| 086 | 1 |aCP51-6F-pdf |
| 110 | 1 |aCanada.|bAgence de gestion des ressources humaines de la fonction publique du Canada. |
| 245 | 10|aL'équité en emploi dans la fonction publique fédérale : |h[ressource électronique]|brapport annuel au Parlement |
| 260 | |aOttawa - Ontario : |bAgence de gestion des ressources humaines de la fonction publique du Canada |
| 310 | |aAnnuel |
| 362 | 1 |a2003/2004-[2004/2005] |
| 691 | 07|aÉquité en matière d'emploi|2gcpds |
| 691 | 07|aFonction publique|2gcpds |
| 775 | 08|tEmployment equity in the federal public service : |w(CaOODSP)9.507349 |
| 785 | 00|tL'équité en emploi dans la fonction publique du Canada : |w(CaOODSP)9.502673 |